00833nam a2200253 a 450000100060000000300080000600500170001400800390003102000150007002000220008503500190010704000320012604100080015808200300016610000200019624500860021626000580030230000350036050400500039565000450044565000350049065000270052570000270055211791BD-RjUL20211208235201.0161005s1989 enka b 001 0 eng a0412246406 a0412246503 (pbk.) a(BD-RjUL)11840 aDLCcDLCdDLCdBD-RjULbeng aeng00a577.8207227223bDIM 19891 aDigby, P. G. N.10aMultivariate analysis of ecological communities /cP.G.N. Digby and R.A. Kempton. aNew York :bChapman and Hall,c1987 [reprinted 1989]. aviii, 206 p. :bill. ;c24 cm. aIncludes Bibliographical reference and index. 0aBiotic communitiesxStatistical methods. 0aEcology xStatistical methods. 0aMultivariate analysis.1 aKempton, R. A.,d1946-